000 00660nam a2200181Ia 4500
008 151018s9999 xx 000 0 und d
082 _bRBASDV30157
_a513
100 _aमधुसूदन घाणेकर
245 _aअंकशास्त्र एक रहस्य
250 _b1
260 _bसुयोग प्रकाशन पुणे
_c1996
300 _a78
600 _aमधुसूदन घाणेकर
630 _aअंकशास्त्र एक रहस्य
700 _aमधुसूदन घाणेकर
730 _aअंकशास्त्र एक रहस्य
942 _cBOOK
999 _c1029693
_d1029690